| 000 -LEADER |
| fixed length control field |
00549nam a22002057a 4500 |
| 008 - FIXED-LENGTH DATA ELEMENTS--GENERAL INFORMATION |
| fixed length control field |
151002b xxu||||| |||| 00| 0 eng d |
| 020 ## - INTERNATIONAL STANDARD BOOK NUMBER |
| International Standard Book Number |
0538435909 |
| 041 0# - LANGUAGE CODE |
| Language code of text/sound track or separate title |
eng |
| 080 ## - UNIVERSAL DECIMAL CLASSIFICATION NUMBER |
| Universal Decimal Classification number |
658 |
| 100 1# - Rafti |
| Rafti |
Everard, Kenneth E. |
| 245 10 - TITLE STATEMENT |
| Title |
Business principles and management / |
| Statement of responsibility, etc |
by Kenneth E. Everard, James L. Burrow. |
| 250 ## - |
| -- |
11th ed. |
| 260 ## - |
| -- |
USA: |
| -- |
South-Western, Thomson; |
| -- |
2004. |
| 300 ## - |
| -- |
722 f.: |
| -- |
me il.; |
| -- |
26 cm. |
| 650 #0 - |
| -- |
Biznes |
| 650 #0 - |
| -- |
Menaxhim |
| 650 #0 - |
| -- |
Organizim |
| 700 1# - |
| -- |
Burrow, Jim. |
| 942 ## - ADDED ENTRY ELEMENTS (KOHA) |
| Source of classification or shelving scheme |
|
| Item type |
Books |